Castiliae Novae Pars Occidentalis provincias Madrit, Toledo et Mancha comprehendes
| Hlavní autor: | Güssefeld, Franz L. 1744-1807 |
|---|---|
| Další autoři: | López, Tomás, 1731-1802 |
| Jazyk: | Španělština Francouzština Latina |
| Vydáno: |
Norimbergae : apud Homannianos Heredes, 1781 |
| Témata: | |
| Fyzický popis: |
1 mapa : mědirytina, ručně kolorovaná, podlepená papírem ; 48 x 43 cm na listu 64 x 53 cm |
| Language note: |
Souběžný latinský a francouzský název, text v mapovém poli španělsky |
| LEADER | 02594nem a22004572a 4500 | ||
|---|---|---|---|
| 001 | mzk03001079463 | ||
| 003 | CZ BrMZK | ||
| 005 | 20201112151200.0 | ||
| 007 | aj|ca||| | ||
| 008 | 100311s1781 gw ij|||||g|||r|0|||latod | ||
| 034 | 1 | |a a |b 630000 |d W0052001 |e W0015809 |f N0405544 |g N0382006 | |
| 040 | |a BOA001 |b cze | ||
| 041 | 0 | |a lat |a fre |a spa | |
| 043 | |a e-sp--- | ||
| 072 | 7 | |a 912:904 |x Staré mapy |2 Konspekt |9 7 | |
| 080 | |a (084.3) |2 MRF | ||
| 080 | |a (460) |2 MRF | ||
| 100 | 1 | |a Güssefeld, Franz L. |q (Ludwig), |d 1744-1807 |7 mzk2008469329 |4 aut | |
| 245 | 1 | 0 | |a Castiliae Novae Pars Occidentalis provincias Madrit, Toledo et Mancha comprehendes |h [kartografický dokument] / |c ex Dom. T. Lopez mappis colligavit F. L. Güssefeld ; Cum Priv. Sac. Caes. Majest. = Les provinces de Madrid, Toledo et de la Manche, dressees sur les Memoires du Sr. T. Lopez, par F. L. Güssefeld |
| 246 | 3 | 1 | |a Provinces de Madrid, Toledo et de la Manche |
| 255 | |a Měřítko [ca 1:630 000]. 11,8 cm = 10 Leguas Geographicas de las 15 componen un Grado ; 11,5 cm = 13 Leguas de una hora de Camino ó de 20 en uno Grado ; 11,4 cm = 17 Leguas legales Castellanas de 5000 varas de las que 26 1/2 componen 1. Gr. ; 12,6 cm = 40 000 Toesas |c (005°20´01" z.d.--001°58´09" z.d./040°55´44" s.š.--038°20´06" s.š.) | ||
| 260 | |a Norimbergae : |b apud Homannianos Heredes, |c 1781 | ||
| 300 | |a 1 mapa : |b mědirytina, ručně kolorovaná, podlepená papírem ; |c 48 x 43 cm na listu 64 x 53 cm | ||
| 500 | |a Výzdoba: V levém horním rohu názvová deska s rytinou, v pravém horním rohu grafická měřítka, v levém dolním rohu legenda. V mapovém rámci geografické souřadnice (Ferro), souřadnicová síť. Nad rámcem variantní francouzský název | ||
| 501 | |a Přívazek k 65 [Atlas von Charten des Klost. Stiffts. Neureichs ; 3] | ||
| 510 | 3 | |a IKAR | |
| 546 | |a Souběžný latinský a francouzský název, text v mapovém poli španělsky | ||
| 651 | 7 | |a Kastilie (Španělsko) |7 ge137899 |2 czenas | |
| 651 | 4 | |a La Mancha (Španělsko) | |
| 651 | 7 | |a Toledo (Španělsko : oblast) |7 ge131091 |2 czenas | |
| 651 | 7 | |a Madrid (Španělsko : oblast) |7 ge292970 |2 czenas | |
| 655 | 7 | |a historické mapy |7 fd186723 |2 czenas | |
| 700 | 1 | |a López, Tomás, |d 1731-1802 |7 jn20040625015 |4 ant | |
| 903 | |a RP | ||
| 910 | |a BOA001 |b ST5-0259.432,3,přív.65 | ||
| 978 | |b Homann, Johann Baptista - dědici |a Nürnberg |c 1781 | ||
| 984 | |a Norimberk |b Německo | ||
| 985 | |a 1751-1800 | ||
| 990 | |a MP | ||
| 991 | |k mzk | ||
| 994 | |a UP |l MZK03 |b 001039095 |m přívazek 65 |n záznam 1. díla (pro objednání pokračujte kliknutím) | ||
English
Čeština 